Statistics for 交通系ICカードの名前

Click here to take the quiz!

General Stats

  • This quiz has been taken 14 times
  • The average score is 13 of 54

Answer Stats

Answer中心的な会社% Correct
ICOCA/イコカJR西日本
100%
スイカ/Suica/suicaJR東日本
100%
スイカ/Suica/suicaJR東日本
100%
はやかけん福岡市交通局
92%
KITACA/Kitaca/キタカJR北海道
83%
PiTaPa/ピタパ関西の大手私鉄・地下鉄など
83%
PASMO/パスモ首都圏の大手私鉄・地下鉄など
75%
TOICA/トイカJR東海
75%
manaca/マナカ名古屋市交通局・名鉄・豊橋鉄道など
58%
SUGOCA/スゴカJR九州
58%
nimoca/ニモカ西鉄
50%
SAPICA/サピカ札幌市交通局
50%
PASPY/パスピー広島
42%
Ica/アイカ金沢
33%
icsca/イクスカ仙台交通局
33%
IruCa/イルカ高松琴平電気鉄道
33%
emica/エミカ三重交通
25%
odeca/オデカJR東日本BRT区間
25%
HACHICA/ハチカ八戸圏域のバス
17%
hanica/ハニカ阪神バス・阪急バス
17%
Hareca/ハレカ岡山県内
17%
ICASnimoca/イカすニモカ函館市企業局
17%
ICカードですか/DESUCA高知県内
17%
OKICA/オキカ沖縄ゆいレール
17%
RYUTO/りゅーと新潟交通
17%
AOPASS/アオパス青森市
8%
Asaca CARD/アサカカード/Asaca旭川電気軌道
8%
ayuca/アユカ岐阜バス
8%
cherica/チェリカ山形
8%
CI-CA/シーカ奈良交通
8%
ecomyca/えこまいか富山地鉄
8%
itappy伊丹市
8%
LuLuCa/ルルカ静岡鉄道
8%
passca/パスカ富山ライトレール
8%
Rapica/らぴか鹿児島
8%
バスカード北海道北見バス
0%
なっち南海バス
0%
らんでんカード京福電気鉄道
0%
Ainokaze ICOCA/あいの風イコカあいの風とやま鉄道
0%
Akica/アキカ秋田中央交通
0%
DoCARD/Doカード/ドゥーカード道北バス株式会社
0%
ICい~カード伊予鉄道
0%
くまモンのICCARD熊本
0%
IGUCA/イグカ岩手県北自動車株式会社
0%
IRいしかわ鉄道 ICOCA/IRいしかわ鉄道オリジナルデザインICOCAIRいしかわ鉄道
0%
Iwasaki IC CARD/Iwasaki ic card/iwasaki ic cardいわさきコーポレーション
0%
IwateGreenPass/Iwate Green Pass岩手県交通株式会社
0%
kinoca/キノカ和歌山バス
0%
KURURU/クルル長野
0%
NicoPa/ニコパ神姫バス
0%
nolbe/ノルベ群馬
0%
NORUCA/ノルカ福島交通
0%
OSAKA PiTaPa/大阪ピタパ/おおさかピタパ大阪メトロ
0%
totra/トトラ宇都宮市
0%

Score Distribution

Percentile by Number Answered

Percent of People with Each Score

Your Score History

You have not taken this quiz